000 00849nam a2200253 a 4500
005 20210223121512.0
008 991125s1995 es 000 0 spa u
020 _a8434838133
035 _aUPN01000018831
049 _aI
050 4 _aQC527
_bB3.48 1995
100 1 _aBaker, Wendy,
_d1961-
_928643
245 1 3 _aLa electricidad /
_cWendy Baker, Andrew Haslam ; escrito por Alexandra Parsons ; tr. Pedro Barbadillo ; fotografía Jon Barnes.
250 _a2a ed.
260 _aMadrid :
_bSM,
_c1995.
300 _a48 p. :
_bprincipalmente il.
440 0 _aExperimenta con ;
_v1
534 _pTraducción de:
_tMake it work! electricity
650 4 _aELECTRICIDAD -
_xEXPERIMENTOS
_920177
650 4 _aMAGNETISMO -
_xEXPERIMENTOS
700 1 _aHaslam, Andrew,
_d1958-
_ecoaut.
_928389
700 1 _aParsons, Alexandra,
_eed.
905 _aInfantil
999 _c18831
_d18831